[Event "Toronto op U2200"]
[Site "Toronto CAN"]
[Date "2019.09.01"]
[Round "4.20"]
[White "Ghaytasvand, Parviz"]
[Black "Mohamed, Ehab"]
[Result "1-0"]
[WhiteElo "1921"]
[BlackElo "1949"]
[PlyCount "221"]
[EventDate "2019.08.31"]
[EventType "swiss"]
[EventRounds "6"]
[EventCountry "CAN"]

1. e4 d6 2. d4 Nf6 3. Bd3 e5 4. Ne2 Be7 5. O-O O-O 6. c3 Nbd7 7. f4 c6 8. Be3
Re8 9. Qc2 Bf8 10. Kh1 Ng4 11. Bg1 Qh4 12. Nd2 g6 13. Nf3 Qh6 14. fxe5 dxe5 15.
Qc1 Qxc1 16. Raxc1 Bh6 17. Rce1 b5 18. h3 Ne3 19. Bxe3 Bxe3 20. Kh2 Bb7 21. Nc1
Bh6 22. g4 Bg7 23. Ne2 Rad8 24. Bc2 exd4 25. Nexd4 Ne5 26. Kg1 Nxf3+ 27. Nxf3
c5 28. a4 a6 29. axb5 axb5 30. Rd1 Rxd1 31. Rxd1 Bxe4 32. Bxe4 Rxe4 33. Kf2 b4
34. Rd8+ Bf8 35. Nd2 bxc3 36. bxc3 Ra4 37. Ke3 Kg7 38. Rd5 Ra1 39. Ne4 Rh1 40.
Nf2 Rc1 41. Ne4 Be7 42. Kf3 h6 43. Nxc5 Rxc3+ 44. Nd3 Bh4 45. Ke4 Rc2 46. Nc5
Bg5 47. Kf3 Bh4 48. Ke4 Kf8 49. Nd7+ Ke7 50. Rd3 Re2+ 51. Kf3 Rf2+ 52. Ke3 Rf1
53. Nb6 Ke6 54. Nc4 Rh1 55. Kf4 Rf1+ 56. Ke3 Be7 57. Ke2 Rf4 58. Nd2 f5 59.
gxf5+ gxf5 60. Rf3 Ra4 61. Re3+ Kf6 62. Kf3 Bd6 63. Rd3 Be5 64. Nf1 Kg5 65. Rb3
h5 66. Kg2 Kf4 67. Rf3+ Kg5 68. Rf2 Ra3 69. Nd2 Rg3+ 70. Kh2 Bc7 71. Rg2 h4 72.
Nf1 f4 73. Nxg3 hxg3+ 74. Kh1 f3 75. Rc2 Bf4 76. Rc3 Kh4 77. Rxf3 Bc7 78. Kg2
Bd6 79. Rd3 Be5 80. Rd5 Bc7 81. Rc5 Bd6 82. Rc4+ Kh5 83. Rd4 Bb8 84. Ra4 Bc7
85. Kf3 Kg5 86. Rg4+ Kh5 87. Rg7 Be5 88. Rh7+ Kg6 89. Rb7 Kh6 90. Rb6+ Kh7 91.
Rb5 Bd6 92. Rg5 Kh6 93. Rg4 Kh7 94. Ke4 Bc7 95. Kf5 Bd6 96. Ke6 Bc7 97. Kf7 Kh6
98. Kf6 Bd8+ 99. Kf5 Bc7 100. Rg6+ Kh7 101. h4 Kh8 102. h5 Kh7 103. h6 Bb8 104.
Kg5 Be5 105. Kh5 Kh8 106. Re6 g2 107. Rg6 Kh7 108. Rxg2 Bd4 109. Rd2 Bc3 110.
Rd7+ Kg8 111. Kg6 1-0

[Event "Toronto op U2200"]
[Site "Toronto CAN"]
[Date "2019.09.01"]
[Round "4.21"]
[White "Samokysh, Yevhen"]
[Black "Finlay, Ian"]
[Result "0-1"]
[WhiteElo "1767"]
[BlackElo "1936"]
[PlyCount "108"]
[EventDate "2019.08.31"]
[EventType "swiss"]
[EventRounds "6"]
[EventCountry "CAN"]

1. Nf3 f5 2. g3 Nf6 3. Bg2 d6 4. d4 g6 5. O-O Bg7 6. c4 O-O 7. Nc3 e6 8. Qd3
Nc6 9. e4 e5 10. d5 Nb4 11. Qe2 a5 12. a3 Na6 13. Ng5 Nc5 14. Be3 h6 15. Bxc5
hxg5 16. Be3 f4 17. Bd2 Qe7 18. Rac1 Bh6 19. b4 b6 20. Rc2 Qh7 21. Rfc1 g4 22.
gxf4 exf4 23. f3 g3 24. Bh1 Nd7 25. Nb5 Ne5 26. c5 bxc5 27. bxc5 Ba6 28. a4
gxh2+ 29. Qxh2 Nd3 30. cxd6 Nxc1 31. Nxc7 Ne2+ 32. Kf2 Bd3 33. Nxa8 Qa7+ 34.
Ke1 Bxc2 35. Kxe2 Qa6+ 36. Kf2 Bg7 37. Nc7 Bd4+ 38. Ke1 Qxd6 39. Ne6 Qb6 40.
Nxd4 Qxd4 41. Bg2 Rb8 42. Qxf4 Rb1+ 43. Bc1 Qd1+ 44. Kf2 Qxc1 45. Qxc1 Rxc1 46.
e5 Kf7 47. f4 Bf5 48. Bf1 Rxf1+ 49. Kxf1 Bc2 50. Ke2 Bxa4 51. Kd3 Bb3 52. Kd4
a4 53. e6+ Ke7 54. Ke5 Bxd5 0-1

[Event "Toronto op U2200"]
[Site "Toronto CAN"]
[Date "2019.09.01"]
[Round "4.22"]
[White "Qiao, Cindy"]
[Black "Landstrom, William"]
[Result "1-0"]
[WhiteElo "1884"]
[BlackElo "1758"]
[PlyCount "165"]
[EventDate "2019.08.31"]
[EventType "swiss"]
[EventRounds "6"]
[EventCountry "CAN"]

1. e4 d6 2. d4 Nf6 3. Nc3 e5 4. dxe5 dxe5 5. Qxd8+ Kxd8 6. Bc4 Ke8 7. Nf3 Bd6
8. O-O Nbd7 9. Re1 a6 10. a4 Nc5 11. b4 Ncd7 12. Ba3 Nb6 13. Bb3 Be6 14. b5 Ke7
15. Ng5 h6 16. Nxe6 fxe6 17. Bb2 Nbd7 18. f3 Bc5+ 19. Kh1 Bd4 20. Nd1 Bc5 21.
Ne3 axb5 22. axb5 Rxa1 23. Bxa1 Bxe3 24. Rxe3 Ra8 25. Bc3 Ne8 26. Bb4+ Nd6 27.
Kg1 c5 28. bxc6 bxc6 29. Rc3 Rc8 30. Ba4 Nb8 31. Bc5 Na6 32. Kf2 Nxc5 33. Rxc5
Kd7 34. Rxe5 Nc4 35. Rc5 Nb6 36. Bb3 Kd6 37. Ra5 Nd7 38. Ra7 g5 39. Ke3 Rb8 40.
e5+ Nxe5 41. Rh7 Nd7 42. Rxh6 Nc5 43. Bc4 Rb1 44. Rg6 Re1+ 45. Kd4 Re5 46. Rg8
Rf5 47. Ke3 Re5+ 48. Kd4 Rf5 49. Ke3 Re5+ 50. Kf2 Nd7 51. Rg7 Rc5 52. Bd3 Ne5
53. Be4 Nd7 54. Rg6 Nf8 55. Rh6 Nd7 56. h4 gxh4 57. Rxh4 Nf6 58. Bd3 Nd7 59.
Rh6 Nb8 60. g4 Nd7 61. Rh5 Ne5 62. Be4 Ra5 63. Kg3 Ra8 64. g5 Rg8 65. f4 Nd7
66. Rh6 c5 67. c4 Nf8 68. Kg4 Ke7 69. f5 exf5+ 70. Kxf5 Nd7 71. Rh7+ Kd8 72. g6
Nf8 73. Rh6 Nd7 74. Bd5 Rf8+ 75. Kg5 Rf1 76. Rh5 Rg1+ 77. Kh6 Nf8 78. Rg5 Rxg5
79. Kxg5 Nxg6 80. Kxg6 Ke7 81. Kf5 Kd6 82. Kf6 Kd7 83. Ke5 1-0

[Event "Toronto op U2200"]
[Site "Toronto CAN"]
[Date "2019.09.01"]
[Round "4.23"]
[White "Ajith, Aayush"]
[Black "Liao, Joseph"]
[Result "1/2-1/2"]
[WhiteElo "1851"]
[BlackElo "1732"]
[PlyCount "137"]
[EventDate "2019.08.31"]
[EventType "swiss"]
[EventRounds "6"]
[EventCountry "CAN"]

1. d4 e6 2. Nf3 f5 3. Bf4 Nf6 4. c4 c6 5. e3 d5 6. cxd5 cxd5 7. Bb5+ Bd7 8. Be2
Be7 9. Nbd2 O-O 10. Rc1 Nc6 11. O-O Ne4 12. Ne5 g5 13. Nxc6 Bxc6 14. Be5 Bf6
15. Nf3 g4 16. Bxf6 Qxf6 17. Ne5 Qh4 18. f3 g3 19. h3 Nf2 20. Qd2 Rf6 21. Nd3
Nxh3+ 22. gxh3 Qxh3 23. Bd1 g2 24. Re1 Qh1+ 25. Kf2 Rg6 26. Rg1 Qh4+ 27. Ke2
Bb5 28. Bb3 f4 29. a4 Ba6 30. Qe1 Qxe1+ 31. Rcxe1 h5 32. Bc2 Rc8 33. Kd2 Rxc2+
34. Kxc2 Bxd3+ 35. Kxd3 h4 36. exf4 h3 37. Ke3 h2 38. Kf2 hxg1=Q+ 39. Rxg1 Kf7
40. Rxg2 Rxg2+ 41. Kxg2 Kf6 42. a5 b6 43. axb6 axb6 44. Kg3 b5 45. Kg4 b4 46.
Kh3 b3 47. Kh4 Kf5 48. Kg3 Kf6 49. Kf2 Kg6 50. Ke2 Kf6 51. Kd3 Kf5 52. Kc3 Kxf4
53. Kxb3 Kxf3 54. Kc3 Ke3 55. b4 e5 56. dxe5 d4+ 57. Kc4 d3 58. e6 d2 59. e7
d1=Q 60. e8=Q+ Kf4 61. Qf7+ Ke5 62. Qg7+ Kd6 63. Qf6+ Kc7 64. Qf7+ Kb6 65. Qe6+
Kb7 66. Qe7+ Kb6 67. Qc5+ Kb7 68. Kb5 Qd3+ 69. Qc4 1/2-1/2

[Event "Toronto op U2200"]
[Site "Toronto CAN"]
[Date "2019.09.01"]
[Round "4.24"]
[White "Cao, Bruce"]
[Black "Zhang, Jonathan"]
[Result "0-1"]
[WhiteElo "1767"]
[BlackElo "1841"]
[PlyCount "78"]
[EventDate "2019.08.31"]
[EventType "swiss"]
[EventRounds "6"]
[EventCountry "CAN"]

1. e4 e6 2. d4 d5 3. exd5 exd5 4. Nf3 Nf6 5. Bg5 Be7 6. Nc3 c6 7. Bd3 O-O 8.
Qd2 Be6 9. O-O Nbd7 10. Rfe1 Qc7 11. Ne5 Rfe8 12. Re2 Nxe5 13. dxe5 Nd7 14.
Bxe7 Rxe7 15. Rae1 Rae8 16. Kh1 Nc5 17. f4 Bg4 18. Rf2 f6 19. h3 Bc8 20. f5
Rxe5 21. Rfe2 Nxd3 22. cxd3 Bxf5 23. d4 Rxe2 24. Rxe2 Rxe2 25. Qxe2 Kf7 26. g4
Bg6 27. Qf2 Qd7 28. Qf4 h5 29. Kg2 hxg4 30. hxg4 Be4+ 31. Kf2 g5 32. Qg3 f5 33.
gxf5 Qxf5+ 34. Ke3 Ke6 35. Na4 b6 36. Qc7 Qf3+ 37. Kd2 Qf2+ 38. Kc3 Qe3+ 39.
Kb4 a5# 0-1

[Event "Toronto op U2200"]
[Site "Toronto CAN"]
[Date "2019.09.01"]
[Round "4.25"]
[White "Nemati, Omid"]
[Black "Wu, Benjamin"]
[Result "1-0"]
[WhiteElo "1812"]
[BlackElo "1749"]
[PlyCount "133"]
[EventDate "2019.08.31"]
[EventType "swiss"]
[EventRounds "6"]
[EventCountry "CAN"]

1. e4 e6 2. d4 d5 3. e5 c5 4. Qg4 cxd4 5. Nf3 Nc6 6. Bd3 Nge7 7. O-O Ng6 8. Re1
Qb6 9. h4 Bd7 10. h5 Nge7 11. Qf4 Nf5 12. g4 Nh6 13. Nbd2 O-O-O 14. Nb3 g6 15.
g5 Nf5 16. h6 Be7 17. Bd2 Kb8 18. a4 Bb4 19. a5 Bxd2 20. Qxd2 Qc7 21. Qf4 Rhf8
22. Nfxd4 Nfxd4 23. Nxd4 Nxa5 24. Ra2 Nc6 25. Nb5 Qb6 26. c3 Bc8 27. Nd6 Nxe5
28. Nxc8 Rxc8 29. Qxe5+ Qc7 30. Qf6 Qb6 31. Rea1 a6 32. Qe5+ Qc7 33. f4 Qxe5
34. fxe5 Rc5 35. Ra4 Rd8 36. Rf1 Rd7 37. Raf4 Rcc7 38. Kf2 b5 39. Ke3 Kb7 40.
Kd4 Kb6 41. Rf6 Re7 42. b3 Rcd7 43. Ke3 Rc7 44. Kd4 Rcd7 45. R6f4 Kc6 46. Ke3
Kb6 47. Rb1 a5 48. c4 dxc4 49. bxc4 b4 50. Bc2 Rd8 51. Ba4 Kc5 52. Rbf1 Rf8 53.
Rd1 Rb7 54. Bb3 Ra7 55. Ba4 Rb7 56. Rd3 Rbb8 57. Rfd4 Rbc8 58. Bb5 Rb8 59. Rd6
Rbc8 60. Ra6 Rfd8 61. Rxa5 Rxd3+ 62. Kxd3 Rd8+ 63. Kc2 Kd4 64. Ba6 Ke3 65. Kb3
Rd4 66. c5 Rd7 67. Kxb4 1-0

[Event "Toronto op U2200"]
[Site "Toronto CAN"]
[Date "2019.09.01"]
[Round "4.26"]
[White "Matiu, Virgiliu Bogdan"]
[Black "Guo, Hazel"]
[Result "0-1"]
[WhiteElo "1805"]
[BlackElo "1710"]
[PlyCount "164"]
[EventDate "2019.08.31"]
[EventType "swiss"]
[EventRounds "6"]
[EventCountry "CAN"]

1. e4 e6 2. d4 d5 3. Nc3 dxe4 4. Nxe4 Bd7 5. Bg5 Be7 6. Nf3 Bc6 7. Bxe7 Qxe7 8.
Bd3 Nd7 9. O-O Ngf6 10. Re1 O-O 11. c4 Bxe4 12. Bxe4 Nxe4 13. Rxe4 Nf6 14. Rh4
Rfd8 15. Qd3 c5 16. Rd1 cxd4 17. Rxd4 Rxd4 18. Qxd4 h6 19. h3 Qc7 20. Ne5 a6
21. b4 Rc8 22. a4 Ne8 23. c5 Nf6 24. a5 Nd5 25. Rd3 Nf6 26. Nc4 Re8 27. Rg3 e5
28. Qd2 Ne4 29. Qd5 Nxg3 30. fxg3 e4 31. Nd6 Re6 32. Qxb7 Qxb7 33. Nxb7 e3 34.
Kf1 Re4 35. c6 Rxb4 36. Nc5 Rc4 37. Nxa6 Rxc6 38. Nb4 Rc4 39. Nd5 Ra4 40. Nxe3
Rxa5 41. Kf2 Kh7 42. g4 g6 43. Kf3 Ra4 44. Kg3 Ra3 45. Kf4 Ra4+ 46. Kg3 Kg7 47.
Nd5 Ra5 48. Nf4 Kf6 49. Ne2 Ke5 50. Kf3 Ra3+ 51. Kf2 Kf6 52. Nf4 Kg5 53. Ne2
Kh4 54. Kf1 Ra1+ 55. Kf2 Ra2 56. Kf1 h5 57. gxh5 gxh5 58. Kf2 Kg5 59. Kf1 h4
60. Kf2 Kf5 61. Kf3 Ra3+ 62. Kf2 Ke4 63. g3 Rf3+ 64. Kg2 Ke3 65. Ng1 Rxg3+ 66.
Kh2 Rxg1 67. Kxg1 Kf3 68. Kh2 Kf2 69. Kh1 Kg3 70. Kg1 Kxh3 71. Kf2 Kg4 72. Kg2
f5 73. Kf2 Kf4 74. Kg2 Ke3 75. Kh3 f4 76. Kxh4 f3 77. Kg5 f2 78. Kg4 f1=Q 79.
Kg3 Qg1+ 80. Kh4 Qg6 81. Kh3 Kf3 82. Kh2 Qg2# 0-1

[Event "Toronto op U2200"]
[Site "Toronto CAN"]
[Date "2019.09.01"]
[Round "4.27"]
[White "Itkin, Victor"]
[Black "Jeyakumar, Bhavatharshan"]
[Result "1-0"]
[WhiteElo "1752"]
[BlackElo "1778"]
[PlyCount "107"]
[EventDate "2019.08.31"]
[EventType "swiss"]
[EventRounds "6"]
[EventCountry "CAN"]

1. e4 c5 2. Nf3 d6 3. d4 cxd4 4. Nxd4 Nf6 5. Nc3 g6 6. f4 Bg7 7. e5 dxe5 8.
fxe5 Ng4 9. Bb5+ Bd7 10. Qxg4 Bxb5 11. Ndxb5 Bxe5 12. Bd2 O-O 13. O-O-O Qb6 14.
Rde1 Nc6 15. h4 h5 16. Qe2 a6 17. Na3 Bg3 18. Be3 Qb4 19. Bf2 Qf4+ 20. Be3 Qb4
21. Ref1 Ne5 22. Rh3 f5 23. Bg5 Nc6 24. Rxg3 f4 25. Qe6+ Kh7 26. Bxf4 Rf6 27.
Qe4 Qc5 28. Rg5 e5 29. Rxh5+ Kg8 30. Rxe5 Nxe5 31. Qxb7 Rd8 32. g3 Qe3+ 33. Kb1
Qxg3 34. Qe4 Nf7 35. Bxg3 Rxf1+ 36. Be1 Nd6 37. Qe2 Rh1 38. b3 Re8 39. Qxa6
Rhxe1+ 40. Kb2 R1e6 41. Nd5 Ne4 42. Qc4 Nd6 43. Qf4 Rf8 44. Qg4 Nf5 45. h5 Kh7
46. Nf4 gxh5 47. Nxe6 hxg4 48. Nxf8+ Kh6 49. Nd7 g3 50. Ne5 Nd4 51. Ng4+ Kg5
52. Ne3 Nf5 53. Nac4 Nxe3 54. Nxe3 1-0

[Event "Toronto op U2200"]
[Site "Toronto CAN"]
[Date "2019.09.01"]
[Round "4.28"]
[White "Vijendra, Vinushan"]
[Black "Moran-Venegas, Mario"]
[Result "1/2-1/2"]
[WhiteElo "1733"]
[BlackElo "1768"]
[PlyCount "90"]
[EventDate "2019.08.31"]
[EventType "swiss"]
[EventRounds "6"]
[EventCountry "CAN"]

1. d4 Nf6 2. c4 g6 3. Nc3 d5 4. Bf4 Bg7 5. e3 b6 6. cxd5 Nxd5 7. Qf3 c6 8. Nxd5
cxd5 9. Bb5+ Kf8 10. Rc1 e6 11. Qg3 Bd7 12. Bc7 Qe8 13. Bd6+ Kg8 14. Bd3 h6 15.
Nf3 Nc6 16. h4 Bf8 17. Bf4 Bb4+ 18. Ke2 Be7 19. a3 b5 20. Ne5 Bf6 21. Ng4 Bg7
22. h5 g5 23. Bd6 f5 24. Ne5 Nxe5 25. Bxe5 Rc8 26. Bxg7 Kxg7 27. Qe5+ Kf7 28.
Rc7 Rxc7 29. Qxc7 a6 30. Qb7 Qc8 31. Qa7 Ke7 32. Kd2 Qa8 33. Qc5+ Kf7 34. Qd6
Qc6 35. Qe5 Rc8 36. g4 Qc7 37. Qxc7 Rxc7 38. f3 Ke7 39. Rc1 Rxc1 40. Kxc1 Kd6
41. Kd2 fxg4 42. fxg4 e5 43. Be2 exd4 44. exd4 Kc6 45. Kc3 Kb6 1/2-1/2

[Event "Toronto op U2200"]
[Site "Toronto CAN"]
[Date "2019.09.01"]
[Round "4.29"]
[White "Ogunlana, Ayo"]
[Black "Desikan, Ajith"]
[Result "0-1"]
[WhiteElo "1730"]
[BlackElo "1803"]
[PlyCount "98"]
[EventDate "2019.08.31"]
[EventType "swiss"]
[EventRounds "6"]
[EventCountry "CAN"]

1. c4 d5 2. g3 c6 3. cxd5 cxd5 4. Bg2 Nf6 5. Nf3 e6 6. Qb3 Qc7 7. O-O Be7 8. d3
Nc6 9. a3 O-O 10. Nc3 a6 11. Bf4 Bd6 12. Bg5 Nd7 13. e4 d4 14. Ne2 h6 15. Bd2
e5 16. Nh4 Nc5 17. Qc2 Be6 18. b4 Nb3 19. Rab1 Nxd2 20. Qxd2 Qd7 21. f4 exf4
22. gxf4 Bh3 23. Rf2 Bg4 24. Kh1 Be7 25. Nf3 Kh8 26. Ng3 g6 27. e5 Kh7 28. Ne4
f6 29. exf6 Bxf6 30. Nc5 Qf7 31. b5 axb5 32. Rxb5 Nd8 33. Qb2 Bxf3 34. Bxf3 Bh4
35. Rg2 Qxf4 36. Be4 Bg5 37. Rb6 Rf6 38. Rxb7+ Nxb7 39. Qxb7+ Rf7 40. Qxa8 Qc1+
41. Rg1 Qxc5 42. h4 Rf4 43. Qb7+ Kh8 44. hxg5 Rh4+ 45. Kg2 Qxg5+ 46. Kf2 Qe3+
47. Kg2 Rg4+ 48. Kh2 Qxg1+ 49. Kh3 Qg3# 0-1

[Event "Toronto op U2200"]
[Site "Toronto CAN"]
[Date "2019.09.01"]
[Round "4.30"]
[White "Cater, Brendan"]
[Black "Xu, Alex"]
[Result "1-0"]
[WhiteElo "1885"]
[BlackElo "1798"]
[PlyCount "69"]
[EventDate "2019.08.31"]
[EventType "swiss"]
[EventRounds "6"]
[EventCountry "CAN"]

1. f4 d5 2. Nf3 Nf6 3. e3 c5 4. Bb5+ Bd7 5. Bxd7+ Nbxd7 6. b3 e6 7. Bb2 Be7 8.
O-O O-O 9. Nc3 Rc8 10. Kh1 a6 11. Rg1 b5 12. g4 b4 13. Ne2 Ne4 14. Rg2 Bf6 15.
Bxf6 Nexf6 16. Qe1 Ne4 17. d3 Nd6 18. h4 f5 19. g5 Re8 20. h5 Nf8 21. Qh4 a5
22. Ng3 a4 23. h6 g6 24. Rag1 c4 25. Ne5 cxb3 26. cxb3 axb3 27. axb3 Rc3 28.
Nh5 Re7 29. Nf6+ Kh8 30. Ra2 Nf7 31. Rga1 Nxe5 32. fxe5 Rb7 33. Qd4 Qe7 34. Ra8
Rcc7 35. Re8 1-0

[Event "Toronto op U2200"]
[Site "Toronto CAN"]
[Date "2019.09.02"]
[Round "5.11"]
[White "Demchenko, Kyrylo"]
[Black "Ahmed, Syed Ibrahim"]
[Result "1-0"]
[WhiteElo "2045"]
[BlackElo "2058"]
[PlyCount "87"]
[EventDate "2019.08.31"]
[EventType "swiss"]
[EventRounds "6"]
[EventCountry "CAN"]

1. e4 e5 2. Nf3 Nc6 3. Bb5 a6 4. Ba4 Nf6 5. O-O Nxe4 6. d4 b5 7. Bb3 d5 8. Nxe5
Nxe5 9. dxe5 Be6 10. Be3 Bc5 11. Bxc5 Nxc5 12. Qd4 Nb7 13. c3 c5 14. Qf4 Qd7
15. Nd2 O-O 16. Nf3 Na5 17. Bc2 h6 18. Qg3 Bf5 19. Bxf5 Qxf5 20. Rad1 Rad8 21.
Nh4 Qg5 22. f4 Qxg3 23. hxg3 Nc4 24. Rf2 g6 25. b3 Nb6 26. Rfd2 Rfe8 27. Kf2
Kg7 28. g4 Rd7 29. Nf3 a5 30. f5 Ra7 31. f6+ Kh7 32. Rh1 a4 33. Rdd1 g5 34.
Nxg5+ Kg6 35. Nf3 axb3 36. axb3 Ra2+ 37. Ke3 Rc2 38. Kf4 Rxc3 39. Rxh6+ Kxh6
40. Rh1+ Kg6 41. Nh4+ Kh7 42. Nf5+ Kg8 43. Ne7+ Rxe7 44. fxe7 1-0

[Event "Toronto op U2200"]
[Site "Toronto CAN"]
[Date "2019.09.02"]
[Round "5.13"]
[White "Robertson, Kole"]
[Black "Loadman, Ian"]
[Result "0-1"]
[WhiteElo "1860"]
[BlackElo "2102"]
[PlyCount "88"]
[EventDate "2019.08.31"]
[EventType "swiss"]
[EventRounds "6"]
[EventCountry "CAN"]

1. d4 Nf6 2. Nf3 g6 3. Nc3 Bg7 4. e4 d6 5. Be3 O-O 6. Qd2 Ng4 7. Bg5 h6 8. Bh4
Nc6 9. Be2 Nf6 10. h3 a6 11. Bd3 g5 12. d5 Ne5 13. Nxg5 hxg5 14. Bxg5 Nh7 15.
Be3 e6 16. O-O-O b5 17. f4 Nxd3+ 18. Qxd3 Bd7 19. g4 b4 20. Ne2 Bb5 21. Qd2
Bxe2 22. Qxe2 Qf6 23. Rd4 exd5 24. g5 Qe7 25. Rxb4 c5 26. Ra4 Qb7 27. b3 Rfe8
28. f5 d4 29. Bd2 Qxe4 30. Qf1 Qe2 31. Qg1 Be5 32. g6 fxg6 33. Qxg6+ Kh8 34.
Re1 Qh2 35. Qh5 Rg8 36. f6 Bxf6 37. Bh6 Rg1 38. Qd1 Rag8 39. Rxa6 Rxe1 40. Qxe1
Rg1 41. Ra8+ Nf8 42. Rxf8+ Kh7 43. Rxf6 Rxe1+ 44. Kb2 Qe5 0-1

[Event "Toronto op U2200"]
[Site "Toronto CAN"]
[Date "2019.09.02"]
[Round "5.14"]
[White "D'Amore, Tyler"]
[Black "Feng, Richard"]
[Result "0-1"]
[WhiteElo "1831"]
[BlackElo "2078"]
[PlyCount "57"]
[EventDate "2019.08.31"]
[EventType "swiss"]
[EventRounds "6"]
[EventCountry "CAN"]

1. e4 c5 2. Nf3 d6 3. d4 cxd4 4. Nxd4 Nf6 5. Nc3 g6 6. Be3 Bg7 7. f3 O-O 8. Qd2
Nc6 9. Bc4 Bd7 10. O-O-O Rb8 11. h4 Na5 12. Bb3 b5 13. Bh6 Nc4 14. Bxc4 bxc4
15. Bxg7 Kxg7 16. g4 Qb6 17. b3 Rfc8 18. g5 Nh5 19. Nde2 cxb3 20. cxb3 Be6 21.
Kb2 Bxb3 22. axb3 Qxb3+ 23. Ka1 Rb6 24. Rb1 Ra6+ 25. Na2 Rc2 26. Qd4+ e5 27.
Rxb3 Rcxa2+ 28. Kb1 exd4 29. Rg1 0-1

[Event "Toronto op U2200"]
[Site "Toronto CAN"]
[Date "2019.09.02"]
[Round "5.15"]
[White "Liu, Henry"]
[Black "Xu, Eddie"]
[Result "0-1"]
[WhiteElo "2076"]
[BlackElo "1986"]
[PlyCount "84"]
[EventDate "2019.08.31"]
[EventType "swiss"]
[EventRounds "6"]
[EventCountry "CAN"]

1. c4 d6 2. g3 e5 3. Bg2 Nc6 4. Nc3 g6 5. d3 Bg7 6. e4 f5 7. Nge2 Nf6 8. a3 a5
9. Rb1 O-O 10. O-O Be6 11. Bg5 Qd7 12. Bxf6 Bxf6 13. Nd5 Bg7 14. b4 axb4 15.
axb4 fxe4 16. dxe4 Rf7 17. Qc2 Raf8 18. b5 Nd8 19. c5 Bh3 20. c6 bxc6 21. bxc6
Qg4 22. Ne3 Qh5 23. f4 Ne6 24. Bf3 Qh6 25. Ng4 Bxg4 26. Bxg4 Nc5 27. Qc4 Kh8
28. Rfe1 exf4 29. Nxf4 Qg5 30. Qe2 h5 31. h4 Bd4+ 32. Kh2 Qh6 33. Bd7 Rxf4 34.
gxf4 Qxf4+ 35. Kg2 Be5 36. Kg1 Qg3+ 37. Qg2 Qxh4 38. Qh3 Qf2+ 39. Kh1 Rf3 40.
Qg2 Qh4+ 41. Bh3 Rxh3+ 42. Kg1 Rg3 0-1

[Event "Toronto op U2200"]
[Site "Toronto CAN"]
[Date "2019.09.02"]
[Round "5.16"]
[White "Huang, Youhe"]
[Black "Khachaturov, Vadim"]
[Result "0-1"]
[WhiteElo "2043"]
[BlackElo "2041"]
[PlyCount "134"]
[EventDate "2019.08.31"]
[EventType "swiss"]
[EventRounds "6"]
[EventCountry "CAN"]

1. Nf3 Nf6 2. g3 e6 3. Bg2 d5 4. d4 c5 5. O-O Nc6 6. dxc5 Bxc5 7. e3 O-O 8. Nd4
a6 9. a3 e5 10. Nxc6 bxc6 11. b4 Ba7 12. c4 Bg4 13. Qc2 Rc8 14. h3 Be6 15. c5
Qd7 16. Kh2 Bb8 17. Nc3 e4 18. Na4 Qc7 19. Qe2 g6 20. Rg1 h5 21. h4 Ng4+ 22.
Kh1 Ne5 23. Nb6 Rcd8 24. Bb2 Bg4 25. Bxe5 Qxe5 26. Qxa6 g5 27. Qf1 gxh4 28. Bh3
Bf3+ 29. Bg2 Bg4 30. Bh3 Kh8 31. Bxg4 hxg4 32. Rg2 Kg7 33. Qd1 f5 34. Qd4 Rh8
35. Kg1 Qxd4 36. exd4 hxg3 37. fxg3 Rh3 38. Kf2 e3+ 39. Kxe3 Bxg3 40. Kd2 Re8
41. Rf1 Kg6 42. b5 cxb5 43. c6 Bd6 44. Nxd5 Rxa3 45. Rff2 Re4 46. c7 Rxd4+ 47.
Kc2 Ra8 48. Nb6 Rc4+ 49. Nxc4 bxc4 50. Kc3 Bxc7 51. Kxc4 Kg5 52. Kd5 f4 53. Kc6
Be5 54. Kd5 Kf5 55. Kc4 f3 56. Rf1 Kf4 57. Kd5 Ra5+ 58. Kc4 g3 59. Re2 Ra4+ 60.
Kd3 Ra3+ 61. Kc4 Re3 62. Rd2 Re4+ 63. Kd5 Rd4+ 64. Rxd4+ Bxd4 65. Kxd4 g2 66.
Rg1 Kg3 67. Ke3 f2 0-1

[Event "Toronto op U2200"]
[Site "Toronto CAN"]
[Date "2019.09.02"]
[Round "5.17"]
[White "Finlay, Ian"]
[Black "Ghaytasvand, Parviz"]
[Result "0-1"]
[WhiteElo "1936"]
[BlackElo "1921"]
[PlyCount "120"]
[EventDate "2019.08.31"]
[EventType "swiss"]
[EventRounds "6"]
[EventCountry "CAN"]

1. e4 e5 2. Nf3 Nc6 3. d4 exd4 4. Nxd4 Bc5 5. Nb3 Bb6 6. a4 a5 7. Nc3 d6 8. Be2
Nge7 9. O-O O-O 10. Kh1 f5 11. Bg5 fxe4 12. Bc4+ Kh8 13. Nxe4 Ne5 14. Be2 Qe8
15. Nd4 N7c6 16. Be3 Nxd4 17. Bxd4 Bxd4 18. Qxd4 Nc6 19. Qc4 Qe5 20. Ng3 Be6
21. Qe4 Qxe4 22. Nxe4 Bf5 23. Bd3 Nb4 24. Rac1 b6 25. f3 d5 26. Nc3 Nxd3 27.
cxd3 Bxd3 28. Rfd1 Bc4 29. Nxd5 Bb3 30. Nxc7 Bxd1 31. Nxa8 Bxf3 32. Nxb6 Bb7
33. Kg1 Ba6 34. Nc4 Rc8 35. b3 Kg8 36. Kf2 Rf8+ 37. Ke3 Bb7 38. Rc2 Ra8 39. Rf2
Bd5 40. Kd4 Bc6 41. g3 Bd7 42. Nb6 Rd8 43. Kc5 Be6 44. Nc4 Rc8+ 45. Kd4 Rb8 46.
Rf3 Rb4 47. Rc3 Kf8 48. h4 Ke7 49. Re3 Kd7 50. Kc5 Bxc4 51. bxc4 Rxa4 52. Kb5
Rb4+ 53. Kc5 Ra4 54. Rf3 Ke7 55. Kc6 Rxc4+ 56. Kb5 Rc8 57. Kxa5 Rb8 58. g4 Rb1
59. h5 Rb7 60. h6 g6 0-1

[Event "Toronto op U2200"]
[Site "Toronto CAN"]
[Date "2019.09.02"]
[Round "5.18"]
[White "Xie, Austin"]
[Black "Nazareno, Merlin"]
[Result "1/2-1/2"]
[WhiteElo "1900"]
[BlackElo "2166"]
[PlyCount "89"]
[EventDate "2019.08.31"]
[EventType "swiss"]
[EventRounds "6"]
[EventCountry "CAN"]

1. e4 Nc6 2. Nf3 f5 3. exf5 d5 4. d4 Bxf5 5. Bb5 Nf6 6. Bg5 Qd6 7. c3 Nd7 8.
Nbd2 a6 9. Ba4 Qg6 10. Qe2 O-O-O 11. O-O-O Re8 12. Bf4 b5 13. Bb3 e6 14. a4 Be7
15. axb5 Bd3 16. bxc6 Bxe2 17. cxd7+ Kb7 18. dxe8=Q Rxe8 19. Rdg1 c5 20. Bc2
Qf7 21. Be5 Rc8 22. Re1 Bb5 23. Re3 g5 24. Bg3 g4 25. Ne5 Qg7 26. Nb3 cxd4 27.
Nxd4 Bg5 28. Nxe6 Bxe3+ 29. fxe3 Qh6 30. Nf4 d4 31. exd4 Rf8 32. Be4+ Kc8 33.
Nxg4 Qg5 34. Bf3 Rxf4 35. h4 Qf5 36. Ne3 Qf8 37. Bxf4 Qxf4 38. Kd2 Qg3 39. Nd1
Qf4+ 40. Ne3 Qg3 41. Nd1 Qg6 42. Nf2 Qh6+ 43. Kc2 Qe3 44. Ng4 Bd3+ 45. Kd1
1/2-1/2

[Event "Toronto op U2200"]
[Site "Toronto CAN"]
[Date "2019.09.02"]
[Round "5.19"]
[White "Zhang, Jonathan"]
[Black "Van Rooy, Jake"]
[Result "1/2-1/2"]
[WhiteElo "1841"]
[BlackElo "1998"]
[PlyCount "53"]
[EventDate "2019.08.31"]
[EventType "swiss"]
[EventRounds "6"]
[EventCountry "CAN"]

1. e4 c5 2. Nf3 g6 3. d4 Bg7 4. Nc3 cxd4 5. Nxd4 Nc6 6. Be3 Nf6 7. f3 O-O 8.
Qd2 d5 9. exd5 Nxd5 10. Nxc6 bxc6 11. Bd4 e5 12. Bc5 Re8 13. O-O-O Be6 14. Nxd5
Qxd5 15. Qxd5 cxd5 16. g4 Bh6+ 17. Kb1 d4 18. Bd3 Bd5 19. Be4 Bxe4 20. fxe4 Bf8
21. Bxf8 Kxf8 22. Rhf1 Ke7 23. Rd3 h6 24. Rb3 Reb8 25. Rbf3 Rf8 26. Rb3 Rfb8
27. Rbf3 1/2-1/2

[Event "Toronto op U2200"]
[Site "Toronto CAN"]
[Date "2019.09.02"]
[Round "5.20"]
[White "Yuen, Noah"]
[Black "Nemati, Omid"]
[Result "1/2-1/2"]
[WhiteElo "1979"]
[BlackElo "1812"]
[PlyCount "88"]
[EventDate "2019.08.31"]
[EventType "swiss"]
[EventRounds "6"]
[EventCountry "CAN"]

1. d4 d5 2. c4 dxc4 3. Nf3 Nf6 4. e3 e6 5. Bxc4 c5 6. O-O a6 7. Qe2 Nc6 8. Rd1
Qc7 9. Nc3 Bd6 10. dxc5 Bxc5 11. e4 Nd7 12. Be3 Bxe3 13. Qxe3 Qb6 14. Qxb6 Nxb6
15. Be2 Nd7 16. Rac1 Ke7 17. Na4 Rd8 18. Rd2 Nde5 19. Rxd8 Nxf3+ 20. Bxf3 Kxd8
21. Nb6 Rb8 22. Nc4 e5 23. Rd1+ Ke7 24. Ne3 Be6 25. a3 Nd4 26. Bg4 Bxg4 27.
Nxg4 Ke6 28. Kf1 Rc8 29. Ne3 g6 30. f3 f5 31. Rd2 fxe4 32. fxe4 Rf8+ 33. Rf2
Rf4 34. Rxf4 exf4 35. Nc4 b5 36. Nd2 Ke5 37. Kf2 Ne6 38. h3 Ng5 39. Nf3+ Nxf3
40. gxf3 h6 41. Kg2 h5 42. h4 Kd4 43. Kf2 a5 44. Ke2 Ke5 1/2-1/2

[Event "Toronto op U2200"]
[Site "Toronto CAN"]
[Date "2019.09.02"]
[Round "5.21"]
[White "Lim, Levi"]
[Black "Itkin, Victor"]
[Result "1-0"]
[WhiteElo "1951"]
[BlackElo "1752"]
[PlyCount "51"]
[EventDate "2019.08.31"]
[EventType "swiss"]
[EventRounds "6"]
[EventCountry "CAN"]

1. e4 c5 2. Nf3 e6 3. c4 d5 4. cxd5 exd5 5. exd5 Qxd5 6. Nc3 Qe6+ 7. Be2 Be7 8.
O-O Nc6 9. d4 cxd4 10. Nxd4 Nxd4 11. Qxd4 Bd7 12. Bf3 Bf6 13. Qb4 Ne7 14. Bf4
a5 15. Qxb7 Bc6 16. Bxc6+ Qxc6 17. Qxc6+ Nxc6 18. Rfe1+ Kf8 19. Rad1 g6 20. Rd6
Bxc3 21. bxc3 Nb4 22. Bh6+ Kg8 23. cxb4 axb4 24. Rb6 f5 25. Rxb4 Kf7 26. Rb7+
1-0